• 首页
  • 本馆介绍
  • 公告通知
  • 最新文献
  • 馆藏检索
  • 电子资源
  • 读者导购
  • 参考咨询
  • 我的图书馆
  • 登录
  • 详细信息显示
  • 放入我的书架
  • 预约/预借图书
  • 作者相关作品
  • 分类相关作品
  • 丛书相关作品
  • 出版社相关作品

书目信息

  • 表格格式
  • 工作单格式
  • 卡片格式
题名:
高考英语综合练习
    
 
作者: 黄宏煦 编
分册:  
出版信息: 石家庄   河北人民出版社  1979
页数: 400页
开本: 19cm
丛书名:
单 册:
中图分类: G634.41 , G633.41
科图分类:
主题词: 英语--高中--习题--升学参考资料 , 教育--各级
电子资源:
ISBN:
000 00689nam0 2200253 45
001 0179004673
005 20040512172623.4
010    @dCNY1.00
091    @a7086.970
100    @a19950716d1979 em y0chiy0121 ea
101 0  @achi@aeng
102    @aCN@b130000
105    @ay z 000yy
106    @ar
200 10 @a高考英语综合练习@Agao kao ying yu zong he lian xi@f黄宏煦编
210    @a石家庄@c河北人民出版社@d1979
215    @a400页@d19cm
606    @a英语@x高中@x习题@x升学参考资料
606 0  @a教育@x各级
690    @aG634.41@v3
690    @aG633.41
701  0 @a黄宏煦@Ahuang hong xu@4编
801  0 @aCN@bNLC@c20040512
905    @f1@b22268@f1@b22270@f1@b14755@dG633.41@e115
    
    高考英语综合练习/黄宏煦编.-石家庄:河北人民出版社,1979
    400页;19cm
    
    
    ISBN :CNY1.00
    
●
相关链接 在E读中查询图书 在五车中查询图书 在当当中查询图书 在豆瓣中查询图书


正题名:高考英语综合练习     索取号:G633.41/115         预约/预借

序号 登录号 条形码 馆藏地/架位号 状态 备注
1 0014755   001004638   第四借阅区/ [索取号:G633.41/115] 在馆    
2 0019192   001706416   密集书库/ [索取号:G633.41/115] 在馆    
3 0022267   202322593   密集书库/ [索取号:G633.41/115] 在馆    
4 0022268   001004647   密集书库/ [索取号:G633.41/115] 在馆    
5 0022270   001004576   密集书库/ [索取号:G633.41/115] 在馆    
唐山师范学院图书馆 欢迎您!
大连网信软件有限公司© 版权所有